Detalles MARC
| 000 -Cabecera |
| Campo de control de longitud fija |
01458aam a2200457 4500 |
| 005 - Fecha y hora de la última transacción |
| Campo de control |
20250812120100.0 |
| 008 - Elementos de longitud fija--Información general |
| Campo de control de longitud fija |
150227b2013 xxu||||| |||| 00| 0 ES d |
| 020 ## - International Standard Book Number |
| Número Internacional Estándar del Libro (ISBN) |
9789977662596 |
| 041 ## - Idioma |
| Código de idioma |
Español |
| 082 ## - Clasificación Decimal Dewey |
| Número de clasificación |
658.409.2 L533e2 |
| 100 ## - Entrada principal--Autor personal |
| Nombre personal |
Leiva Bonilla, Juan Carlos |
| 9 (RLIN) |
20 |
| 245 ## - Título propiamente dicho |
| Título |
Los emprendedores y la creación de empresas |
| 250 ## - Edición |
| Mención de edición |
2 edición |
| 260 ## - Pie de imprenta |
| Lugar de publicación, distribución, etc. |
Costa Rica |
| 260 ## - Pie de imprenta |
| Nombre del editor, distribuidor, etc. |
Tecnológica de Costa Rica |
| 260 ## - Pie de imprenta |
| Fecha de publicación, distribución, etc. |
2013 |
| 300 ## - Descripción física |
| Extensión |
198 páginas |
| 490 ## - Serie |
| Título de la Serie |
Dirección y Administración de Empresas |
| 505 ## - Nota de contenido |
| Nota de contenido |
Parte I. Personas emprendedoras y oportunidades de negocio.<br/>Parte II. El plan de negocios de su nueva empresa.<br/>Parte III. El contexto costarricense para la creación empresas. |
| 650 ## - Materia general |
| Temática (materia general) |
LIDERAZGO EJECUTIVO |
| 650 ## - Materia general |
| Temática (materia general) |
EMPRENDEDORES EXITOSOS |
| 650 ## - Materia general |
| Temática (materia general) |
ESPÍRITU EMPRENDEDOR |
| 650 ## - Materia general |
| Temática (materia general) |
IDEAS DE NEGOCIOS |
| 650 ## - Materia general |
| Temática (materia general) |
LIDERAZGO |
| 650 ## - Materia general |
| Temática (materia general) |
OPORTUNIDADES DE NEGOCIOS |
| 650 ## - Materia general |
| Temática (materia general) |
PLAN DE NEGOCIOS |
| 650 ## - Materia general |
| Temática (materia general) |
PLAN ESTRATÉGICO |
| 650 ## - Materia general |
| Temática (materia general) |
MACROENTORNO |
| 650 ## - Materia general |
| Temática (materia general) |
PLANIFICACIÓN |
| 650 ## - Materia general |
| Temática (materia general) |
EMPRESAS |
| 650 ## - Materia general |
| Temática (materia general) |
PLAN DE MERCADEO |
| 650 ## - Materia general |
| Temática (materia general) |
INVESTIGACIÓN DE MERCADEO |
| 650 ## - Materia general |
| Temática (materia general) |
PLAN TÉCNICO |
| 650 ## - Materia general |
| Temática (materia general) |
PLAN FINANCIERO ECONÓMICO |
| 650 ## - Materia general |
| Temática (materia general) |
PRESUPUESTOS |
| 650 ## - Materia general |
| Temática (materia general) |
PROYECCIÓN DE GASTOS FINANCIEROS |
| 650 ## - Materia general |
| Temática (materia general) |
FUENTES DE FINANCIAMIENTO |
| 650 ## - Materia general |
| Temática (materia general) |
CREACIÓN DE EMPRESAS |
| 650 ## - Materia general |
| Temática (materia general) |
PLAN DE NEGOCIOS |
| 942 ## - Punto de acceso adicional KOHA |
| Tipo de ítem KOHA |
Libro |
| Fuente del sistema de clasificación o colocación |
Dewey Decimal Classification |